| 000 | 01964nam0a2200373 4500 | ||
|---|---|---|---|
| 001 | RU\NLR\bibl\1782397 | ||
| 005 | 20260408155623.0 | ||
| 010 |
_a978-5-8196-0190-7 _960 |
||
| 021 |
_aRU _b2011-42072 _92989 |
||
| 021 |
_aRU _b2012-12181 _9923 |
||
| 035 | _a(NLR Aleph) 001773142 | ||
| 035 | _a(nilc)RSL-KNO-004955300 | ||
| 090 |
_a1650530 _c1650530 |
||
| 100 | _a20110614d2011 u y0rusy50 ca | ||
| 101 | 0 | _arus | |
| 102 | _aRU | ||
| 105 | _aa ||||||||| | ||
| 200 | 1 |
_aТиповые устройства текстильного отделочного оборудования _eучебное пособие _eучебно-методический комплекс по специальности 150406.65 - "Машины и аппараты текстильной и легкой промышленности" _fМ-во образования и науки Рос. Федерации, Гос. образоват. учреждение высш. проф. образования "Моск. гос. текст. ун-т им. А.Н. Косыгина" _g[Самсонов В.С.] |
|
| 210 |
_aМосква _cМГТУ _d2011 |
||
| 215 |
_a154 с. _cил. _d20 |
||
| 300 | _aНа обл. авт.: Самсонов В.С. | ||
| 320 | _aБиблиогр.: с. 154 | ||
| 606 |
_aОтделочное оборудование (текст.) _jУчебные издания для высших учебных заведений _91212140 _3RU\NLR\auth\66173768 |
||
| 686 |
_aМ305-5-04я73-1 _2rubbk |
||
| 686 | _aМ305-5я73-1 | ||
| 702 | 1 |
_aСамсонов _bВ. С. _4220 |
|
| 712 | 0 | 2 |
_4570 _aМосковский государственный текстильный университет им. А. Н. Косыгина _9550189 _3RU\NLR\AUTH\8810025980 |
| 801 | 0 |
_aRU _bRuMoRKP _c20110614 _grcr |
|
| 801 | 1 |
_aRU _bРГБ _c20110614 |
|
| 801 | 2 |
_aRU _bNLR _c20110623 _grcr |
|
| 830 | _aсост. в кат. нет | ||
| 942 | _cBOOK | ||
| 980 | _aNB | ||